| 000 | 00378nam a2200157Ia 4500 | ||
|---|---|---|---|
| 008 | 190704s9999||||xx |||||||||||||| ||und|| | ||
| 020 | _a9781259534959 | ||
| 082 |
_a770 _bBOR/F |
||
| 100 | _aBordwell, David | ||
| 245 | 0 | _aFilm Art | |
| 250 | _a11th Edition | ||
| 260 |
_aNew yark _bMcGraw/Hill Education _c2015 |
||
| 300 | _a492p | ||
| 700 | _aThompson, Kristin | ||
| 942 | _cBK | ||
| 999 |
_c6355 _d6355 |
||